Strategic choices for the academy : how demand for lifelong learning will re-create higher education /

Bibliographic Details
Main Author: Rowley, Daniel James, 1946-
Other Authors: Lujan, Herman D., Dolence, Michael G.
Format: Book
Language:English
Published: San Francisco : Jossey-Bass Publishers, [1998]
Edition:1st ed.
Series:Jossey-Bass higher and adult education series.
Subjects:

MARC

Tag First Indicator Second Indicator Subfields
LEADER 00000cam a2200000 a 4500
001 in00001406852
005 20151020072953.0
008 971121s1998 cau b 001 0 eng
010 |a  97044074  
020 |a 0787940674 (hardcover : alk. paper) 
035 |a (OCoLC)38014316 
035 |9 AHQ3815AM 
040 |a DLC  |c DLC  |d C#P  |d TXA  |d UtOrBLW 
043 |a n-us--- 
049 |a TXAM 
050 0 0 |a LA227.4  |b .R69 1998 
082 0 0 |a 378.73  |2 21 
100 1 |a Rowley, Daniel James,  |d 1946- 
245 1 0 |a Strategic choices for the academy :  |b how demand for lifelong learning will re-create higher education /  |c Daniel James Rowley, Herman D. Lujan, Michael G. Dolence ; foreword by Robert H. Atwell. 
250 |a 1st ed. 
264 1 |a San Francisco :  |b Jossey-Bass Publishers,  |c [1998] 
264 4 |c ©1998 
300 |a xxi, 309 pages ;  |c 24 cm. 
336 |a text  |b txt  |2 rdacontent 
337 |a unmediated  |b n  |2 rdamedia 
338 |a volume  |b nc  |2 rdacarrier 
490 1 |a The Jossey-Bass higher and adult education series 
504 |a Includes bibliographical references (pages 281-290) and index. 
650 0 |a Education, Higher  |x Aims and objectives  |z United States. 
650 0 |a Continuing education  |z United States. 
700 1 |a Lujan, Herman D. 
700 1 |a Dolence, Michael G. 
830 0 |a Jossey-Bass higher and adult education series. 
948 |a c:ce 
999 |a MARS 
999 f f |s c1c01de5-d3ec-3656-925d-36f49ac3c255  |i 9105fe85-051e-3400-a00b-c4722e2c15d7  |t 0 
952 f f |p normal  |a Texas A&M University  |b College Station  |c Sterling C. Evans Library  |d Evans: Library Stacks  |t 0  |e LA227.4 .R69 1998  |h Library of Congress classification  |i unmediated -- volume  |m A14823314572 
998 f f |a LA227.4 .R69 1998  |t 0  |l Evans: Library Stacks